<?xml version="1.0" encoding="UTF-8"?>
<record
    xmlns:xsi="http://www.w3.org/2001/XMLSchema-instance"
    xsi:schemaLocation="http://www.loc.gov/MARC21/slim http://www.loc.gov/standards/marcxml/schema/MARC21slim.xsd"
    xmlns="http://www.loc.gov/MARC21/slim">

  <leader>03057nam a2200385 a 4500</leader>
  <controlfield tag="001">66608</controlfield>
  <controlfield tag="003">BD-RjUL</controlfield>
  <controlfield tag="005">20211209081547.0</controlfield>
  <controlfield tag="008">170318s2003    njua    ob    001 0 eng d</controlfield>
  <datafield tag="020" ind1=" " ind2=" ">
    <subfield code="a">9781592593538 (electronic bk.)</subfield>
  </datafield>
  <datafield tag="020" ind1=" " ind2=" ">
    <subfield code="a">1592593534 (electronic bk.)</subfield>
  </datafield>
  <datafield tag="020" ind1=" " ind2=" ">
    <subfield code="z">158829045X</subfield>
  </datafield>
  <datafield tag="020" ind1=" " ind2=" ">
    <subfield code="z">9781588290458 (alk. paper)</subfield>
  </datafield>
  <datafield tag="035" ind1=" " ind2=" ">
    <subfield code="a">(BD-RjUL)66738</subfield>
  </datafield>
  <datafield tag="040" ind1=" " ind2=" ">
    <subfield code="a">N$T</subfield>
    <subfield code="b">eng</subfield>
    <subfield code="e">pn</subfield>
    <subfield code="c">N$T</subfield>
    <subfield code="d">YDXCP</subfield>
    <subfield code="d">OCLCQ</subfield>
    <subfield code="d">CNTRU</subfield>
    <subfield code="d">OCLCE</subfield>
    <subfield code="d">IDEBK</subfield>
    <subfield code="d">E7B</subfield>
    <subfield code="d">OCLCQ</subfield>
    <subfield code="d">OCLCO</subfield>
    <subfield code="d">OCLCQ</subfield>
    <subfield code="d">GW5XE</subfield>
    <subfield code="d">OCLCQ</subfield>
  </datafield>
  <datafield tag="041" ind1=" " ind2=" ">
    <subfield code="a">eng</subfield>
  </datafield>
  <datafield tag="060" ind1=" " ind2="4">
    <subfield code="a">2003 C-800</subfield>
  </datafield>
  <datafield tag="082" ind1="0" ind2="4">
    <subfield code="a">616.80442</subfield>
    <subfield code="2">23</subfield>
  </datafield>
  <datafield tag="245" ind1="0" ind2="0">
    <subfield code="a">Genetics and genomics of neurobehavioral disorders /</subfield>
    <subfield code="c">edited by Gene S. Fisch.</subfield>
  </datafield>
  <datafield tag="260" ind1=" " ind2=" ">
    <subfield code="a">Totowa, N.J. :</subfield>
    <subfield code="b">Humana Press,</subfield>
    <subfield code="c">c2003.</subfield>
  </datafield>
  <datafield tag="300" ind1=" " ind2=" ">
    <subfield code="a">x, 428 p. :</subfield>
    <subfield code="b">ill. ;</subfield>
    <subfield code="c">23 cm.</subfield>
  </datafield>
  <datafield tag="490" ind1="1" ind2=" ">
    <subfield code="a">Contemporary clinical neuroscience</subfield>
  </datafield>
  <datafield tag="504" ind1=" " ind2=" ">
    <subfield code="a">Includes bibliographical references and index.</subfield>
  </datafield>
  <datafield tag="505" ind1="0" ind2=" ">
    <subfield code="a">The genetics and genomics of neurobehavioral disorders: historical introduction and overview / Gene S. Fisch -- Neuroanatomical considerations specific to the study of neurogenetics / Albert M. Galaburda and J. Eric Schmitt -- Modeling cognitive disorders: from genes to therapies / Rui M. Costa, Ype Elgersma, and Alcino J. Silva -- What can the study of behavioral phenotypes teach us about the pathway from genes to behavior? / Jonathan Flint -- The central nervous system in Neurofibromatosis Type 1 / Nancy Ratner and Kathryn North -- Prader-Willi and Angelman Syndromes: cognitive and behavioral phenotypes / Elisabeth M. Dykens and Suzanne B. Cassidy -- Tuberous Sclerosis / Julian R. Sampson and Julia C. Lewis -- Behavioral phenotype in Velo-Cardio-Facial Syndrome / Kieran C. Murphy -- Williams-Beuren Syndrome / Monica Bayes and Luis A. Perez Jurado -- Behavioral phenotype in Myotonic Dystrophy (Steinert's Disease) / Jean Steyaert -- Genetics of X-Linked Mental Retardation / Jamel Chelly and Ben C.J. Hamel -- Nonsyndromal mental retardation associated with the FRAXE Fragile Site and the FMR2 Gene / Jozef Gecz and Gene S. Fisch -- ATR-X Syndrome / Takahito Wada and Richard J. Gibbons -- The Fragile X Syndrome and the Fragile X mutation / Mark C. Hirst and Gene S. Fisch -- Rett Syndrome: clinical-molecular correlates / Alan K. Percy, Joanna Dragich, and N. Carolyn Schanen.</subfield>
  </datafield>
  <datafield tag="506" ind1=" " ind2=" ">
    <subfield code="3">Use copy</subfield>
    <subfield code="f">Restrictions unspecified</subfield>
    <subfield code="2">star</subfield>
    <subfield code="5">MiAaHDL</subfield>
  </datafield>
  <datafield tag="520" ind1="1" ind2=" ">
    <subfield code="a">"Comprehensive and up-to-date, Genetics and Genomics of Neurobehavioral Disorders integrates the molecular, genomic, neuropsychological, and neurobehavioral factors that produce learning disabilities and mental retardation into a coherent framework for the understanding and assessment of neurobehavioral disorders."--Jacket.</subfield>
  </datafield>
  <datafield tag="650" ind1=" " ind2="0">
    <subfield code="a">Neurobehavioral disorders</subfield>
    <subfield code="x">Genetic aspects.</subfield>
    <subfield code="9">197181</subfield>
  </datafield>
  <datafield tag="655" ind1=" " ind2="4">
    <subfield code="a">Electronic books.</subfield>
    <subfield code="9">197186</subfield>
  </datafield>
  <datafield tag="700" ind1="1" ind2=" ">
    <subfield code="a">Fisch, Gene S.</subfield>
    <subfield code="9">197183</subfield>
  </datafield>
  <datafield tag="830" ind1=" " ind2="0">
    <subfield code="a">Contemporary clinical neuroscience.</subfield>
    <subfield code="9">197184</subfield>
  </datafield>
  <datafield tag="856" ind1="4" ind2="0">
    <subfield code="3">SpringerLink</subfield>
    <subfield code="z">MIT Access Only</subfield>
  </datafield>
  <datafield tag="942" ind1=" " ind2=" ">
    <subfield code="2">ddc</subfield>
    <subfield code="c">BK</subfield>
  </datafield>
  <datafield tag="946" ind1=" " ind2=" ">
    <subfield code="m">SpringerBookArchive</subfield>
  </datafield>
  <datafield tag="949" ind1=" " ind2="1">
    <subfield code="1">MIT Access Only</subfield>
    <subfield code="a">n-mit</subfield>
    <subfield code="b">NET</subfield>
    <subfield code="h">**See URL(s)</subfield>
    <subfield code="o">8</subfield>
    <subfield code="x">02</subfield>
  </datafield>
  <datafield tag="999" ind1=" " ind2=" ">
    <subfield code="c">66608</subfield>
    <subfield code="d">66608</subfield>
  </datafield>
  <datafield tag="952" ind1=" " ind2=" ">
    <subfield code="0">0</subfield>
    <subfield code="1">0</subfield>
    <subfield code="2">ddc</subfield>
    <subfield code="4">0</subfield>
    <subfield code="7">1</subfield>
    <subfield code="8">NFIC</subfield>
    <subfield code="a">RUCL</subfield>
    <subfield code="b">RUCL</subfield>
    <subfield code="c">Reading</subfield>
    <subfield code="d">2013-06-30</subfield>
    <subfield code="e">Space marketing comm., Dhaka</subfield>
    <subfield code="l">0</subfield>
    <subfield code="o">616.80442 GEN 2003</subfield>
    <subfield code="r">2017-03-18 00:00:00</subfield>
    <subfield code="t">C-1</subfield>
    <subfield code="w">2017-03-18</subfield>
    <subfield code="y">BK</subfield>
  </datafield>
</record>
